<?xml version="1.0" encoding="UTF-8"?>
<collection xmlns:xsi="http://www.w3.org/2001/XMLSchema-instance" xsi:schemaLocation="http://www.loc.gov/MARC21/slim http://www.loc.gov/standards/marcxml/schema/MARC21slim.xsd" xmlns="http://www.loc.gov/MARC21/slim">
 <record>
  <leader>00000cam a22000004i 4500</leader>
  <controlfield tag="001">UP-99796217611443923</controlfield>
  <controlfield tag="003">Buklod</controlfield>
  <controlfield tag="005">20141021164903.0</controlfield>
  <controlfield tag="006">m     o  j        </controlfield>
  <controlfield tag="007">ta</controlfield>
  <controlfield tag="008">050420s2005    xx      rb   |001 0|eng d</controlfield>
  <datafield tag="020" ind1=" " ind2=" ">
   <subfield code="a">9789004130524 (cloth : alk. paper)</subfield>
  </datafield>
  <datafield tag="020" ind1=" " ind2=" ">
   <subfield code="a">9004130527 (cloth : alk. paper)</subfield>
  </datafield>
  <datafield tag="035" ind1=" " ind2=" ">
   <subfield code="a">(iLib)UPD-00235506339</subfield>
  </datafield>
  <datafield tag="040" ind1=" " ind2=" ">
   <subfield code="a">DLC</subfield>
   <subfield code="d">DML</subfield>
   <subfield code="e">rda</subfield>
  </datafield>
  <datafield tag="041" ind1="0" ind2=" ">
   <subfield code="a">eng</subfield>
  </datafield>
  <datafield tag="042" ind1=" " ind2=" ">
   <subfield code="a">DMLUC</subfield>
  </datafield>
  <datafield tag="090" ind1=" " ind2=" ">
   <subfield code="a">BS 511.3</subfield>
   <subfield code="b">H47 2005</subfield>
  </datafield>
  <datafield tag="245" ind1="0" ind2="0">
   <subfield code="a">Her master's tools?</subfield>
   <subfield code="b">feminist and postcolonial engagements of historical-critical discourse</subfield>
   <subfield code="c">edited by Caroline Vander Stichele and Todd Penner.</subfield>
  </datafield>
  <datafield tag="264" ind1=" " ind2="1">
   <subfield code="a">Leiden</subfield>
   <subfield code="b">Brill</subfield>
   <subfield code="c">2005.</subfield>
  </datafield>
  <datafield tag="300" ind1=" " ind2=" ">
   <subfield code="a">xiii, 390 pages</subfield>
   <subfield code="c">25 cm.</subfield>
  </datafield>
  <datafield tag="336" ind1=" " ind2=" ">
   <subfield code="a">text</subfield>
   <subfield code="2">rdacontent</subfield>
  </datafield>
  <datafield tag="337" ind1=" " ind2=" ">
   <subfield code="a">unmediated</subfield>
   <subfield code="2">rdamedia</subfield>
  </datafield>
  <datafield tag="338" ind1=" " ind2=" ">
   <subfield code="a">volume</subfield>
   <subfield code="2">rdacarrier</subfield>
  </datafield>
  <datafield tag="490" ind1="0" ind2=" ">
   <subfield code="a">Global perspectives on biblical scholarship</subfield>
   <subfield code="v">number 9</subfield>
  </datafield>
  <datafield tag="504" ind1=" " ind2=" ">
   <subfield code="a">Includes bibliographical references (pages [339]-373) and index.</subfield>
  </datafield>
  <datafield tag="505" ind1="0" ind2=" ">
   <subfield code="a">Mastering the tools or retooling the masters' : the legacy of historical-critical discourse / Caroline Vander Stichele and Todd Penner -- Historical-critical approaches and the emancipation of women : unfulfilled promises and remaining possibilities / Hanna Stenstrüm -- &quot;Tandoori reindeer&quot; and the limitations of historical criticism / Susanne Scholz -- Breaking the established scaffold : imagination as a resource in the development of biblical interpretation / Hjamil A. Martinez-Vasquez -- Postcolonialism and the practice of history / John W. Marshall -- Full turns and half turns : engaging the dialogue/dance between Elisabeth Schssler Fiorenza and Vernon Robbins / Priscilla Geisterfer Nyvlt -- The rhetorical full-turn in biblical interpretation and its relevance for feminist hermeneutics / Vernon K. Robbins -- &quot;And they did so&quot; : following orders given by old Joshua / Kristin De Troyer -- Sarah and Hagar : what have I to do with them? / Judith E. McKinlay -- Their hermeneutics was strange! ours is a necessity! rereading Vashti as African-South African women / Madipoane Masenya (Ngwana' Mphahlele) -- Mothers bewailing : reading Lamentations / Archie Chi Chung Lee -- The history of women in ancient Israel : theory, method, and the book of Ruth / Esther Fuchs -- No road : on the absence of feminist criticism of Ezra-Nehemiah / Roland Boer -- Scribal blunder or textual plunder? : codex bezae, textual-rhetorical analysis, and the diminished role of women / Ann Graham Brock -- Military images in Philippians 1-2 : a feminist analysis of the rhetorics of scholarship, Philippians, and current contexts / Joseph A. Marchal -- Paul and the rhetoric of gender / Caroline Vander Stichele and Todd Penner -- Why can't the heavenly miss Jerusalem just shut up? / Jorunn Ekland -- Babies and bathwater on the road : a response / Athalya Brenner.</subfield>
  </datafield>
  <datafield tag="591" ind1=" " ind2=" ">
   <subfield code="a">CSSP-8432 donated by Brill Publishers through SPi Global Foundation, Inc.</subfield>
  </datafield>
  <datafield tag="630" ind1="0" ind2="0">
   <subfield code="a">Bible</subfield>
   <subfield code="x">Criticism, interpretation, etc.</subfield>
  </datafield>
  <datafield tag="630" ind1="0" ind2="0">
   <subfield code="a">Bible</subfield>
   <subfield code="x">Feminist criticism.</subfield>
  </datafield>
  <datafield tag="630" ind1="0" ind2="0">
   <subfield code="a">Bible</subfield>
   <subfield code="x">Hermeneutics.</subfield>
  </datafield>
  <datafield tag="700" ind1="1" ind2=" ">
   <subfield code="a">Penner, Todd C.</subfield>
   <subfield code="e">editor.</subfield>
  </datafield>
  <datafield tag="700" ind1="1" ind2=" ">
   <subfield code="a">Vander Stichele, Caroline</subfield>
   <subfield code="e">editor.</subfield>
  </datafield>
  <datafield tag="856" ind1="4" ind2="1">
   <subfield code="3">Table of contents</subfield>
   <subfield code="u">http://www.loc.gov/catdir/toc/ecip0512/2005011324.html</subfield>
  </datafield>
  <datafield tag="905" ind1=" " ind2=" ">
   <subfield code="a">FO</subfield>
  </datafield>
  <datafield tag="852" ind1="0" ind2=" ">
   <subfield code="a">UPD</subfield>
   <subfield code="b">DMLS</subfield>
   <subfield code="h">BS 511.3</subfield>
   <subfield code="i">H47 2005</subfield>
  </datafield>
  <datafield tag="942" ind1=" " ind2=" ">
   <subfield code="a">Book</subfield>
  </datafield>
 </record>
</collection>
